Bruce Springsteen Asbury Park 2024 Setlist - Statistics

General Stats
  • This quiz has been taken 20 times
  • The average score is 16 of 30
Answer Stats
Hint Song % Correct
27. Dancing in the Dark
95%
24. Born to Run
90%
21. Thunder Road
90%
10. Hungry Heart
85%
20. Badlands
80%
28. Tenth Avenue Freeze-Out
80%
23. Jungleland
75%
19. The Rising
65%
9. 4th of July, Asbury Park (Sandy)
60%
26. Bobby Jean
60%
1. Lonesome Day
60%
25. Rosalita (Come Out Tonight)
60%
5. The Promised Land
55%
12. Atlantic City
50%
2. Blinded by the Light
50%
4. Growin' Up
50%
15. Racing in the Street
50%
29. Twist and Shout
50%
18. Wrecking Ball
45%
8. The E Street Shuffle
40%
13. Tougher Than the Rest
40%
16. Because the Night
35%
30. Jersey Girl
35%
14. Long Walk Home
35%
17. She's the One
35%
6. Spirit in the Night
35%
11. Local Hero
30%
22. Meeting Across the River
30%
7. Thundercrack
30%
3. Does This Bus Stop at 82nd Street?
15%
No matching quizzes found
Score Distribution
Percent of People with Each Score
Percentile by Number Answered
Your Score History
You have not taken this quiz